[Event "DVM U12 2010"]
[Site "Templin OT Groß Dölln GER"]
[Date "2010.12.28"]
[Round "3"]
[White "Pusch, Moritz"]
[Black "Balazs, Balint"]
[Result "0-1"]
[Termination "normal"]
[Board "6.3"]
[WhiteElo "832"]
[BlackElo "1300"]
[WhiteTeam "LSV Turm Lippstadt"]
[BlackTeam "Hagener SV"]
[BlackFideId "12922757"]
[EventCountry "GER"]
[EventRounds "7"]
[EventType "team-swiss"]
[EventDate "2010.12.26"]

1. e4 d5 2. f3 dxe4 3. fxe4 Nf6 4. Nc3 e5 5. Nf3 Bg4 6. d3 Bc5 7. h3 Be6 8. Bg5
Nbd7 9. Bxf6 Qxf6 10. Qd2 O-O 11. O-O-O c6 12. d4 exd4 13. Nxd4 Rfd8 14. Nxe6
Qxe6 15. Qg5 f6 16. Qf5 Qxf5 17. exf5 Ne5 18. Rxd8+ Rxd8 19. Be2 Kf7 20. Rd1
Be3+ 21. Kb1 Rxd1+ 22. Bxd1 g6 23. Bg4 Nxg4 24. hxg4 gxf5 25. gxf5 Kg7 26. Ne2
Kh6 27. Ng3 Kg5 28. Ne4+ Kxf5 29. Nd6+ Kg4 30. Nxb7 Bb6 31. b4 Kg3 32. Kb2 Kxg2
33. Kc3 f5 34. Nd6 f4 35. Ne4 f3 36. Nd2 f2 37. Kc4 Be3 38. b5 cxb5+ 39. Kxb5
Bxd2 40. Ka6 f1=Q+ 41. Kxa7 Qb1 42. a3 Kf3 43. a4 Ke4 44. c3 Kd5 45. a5 Kc6 46.
a6 Kc7 47. Ka8 Qb8# 0-1

[Event "DVM U12 2010"]
[Site "Templin OT Groß Dölln GER"]
[Date "2010.12.28"]
[Round "3"]
[White "Hoppe, Andreas"]
[Black "Stryschik, Tobias"]
[Result "1-0"]
[Termination "normal"]
[Board "6.4"]
[WhiteElo "1193"]
[BlackElo "825"]
[WhiteTeam "Hagener SV"]
[BlackTeam "LSV Turm Lippstadt"]
[WhiteFideId "12922811"]
[EventCountry "GER"]
[EventRounds "7"]
[EventType "team-swiss"]
[EventDate "2010.12.26"]

1. d4 d5 2. Bf4 Bf5 3. Nc3 Nf6 4. f3 Nc6 5. e3 e6 6. Bd3 Bxd3 7. Qxd3 Nb4 8.
Qd2 b6 9. Nge2 c5 10. O-O-O Nh5 11. g4 Nxf4 12. Nxf4 Qc7 13. Nd3 Nxd3+ 14. Qxd3
g6 15. Qb5+ Qd7 16. Qxd7+ Kxd7 17. e4 Bg7 18. dxc5 Bxc3 19. bxc3 bxc5 20. exd5
e5 21. Rhe1 Rhe8 22. Rf1 Rab8 23. Kd2 h5 24. Rb1 Kd6 25. c4 Rb6 26. Rxb6+ axb6
27. Rb1 Rb8 28. Ke3 hxg4 29. fxg4 b5 30. Rxb5 Rxb5 31. cxb5 Kxd5 32. c4+ Kd6
33. Ke4 Ke6 34. a4 Kd6 35. a5 Kc7 36. Kxe5 f5 37. gxf5 gxf5 38. Kxf5 Kb7 39. h4
Ka7 40. h5 Kb7 41. h6 Ka7 42. h7 Kb7 43. h8=Q Ka7 44. b6+ Ka6 45. Qa8# 1-0

[Event "DVM U12 2010"]
[Site "Templin OT Groß Dölln GER"]
[Date "2010.12.28"]
[Round "3"]
[White "Sabirov, Ramil"]
[Black "Ridder, David"]
[Result "1-0"]
[Termination "normal"]
[Board "7.1"]
[WhiteElo "1720"]
[BlackElo "1476"]
[WhiteTeam "SG Porz"]
[BlackTeam "SG Turm Raesfeld/Erle"]
[WhiteFideId "12900303"]
[BlackFideId "12964867"]
[EventCountry "GER"]
[EventRounds "7"]
[EventType "team-swiss"]
[EventDate "2010.12.26"]

1. c4 e6 2. g3 Nf6 3. Bg2 Be7 4. Nc3 c5 5. Nf3 d5 6. d3 Nc6 7. O-O O-O 8. b3 d4
9. Nb1 Re8 10. Nbd2 Bd6 11. Ng5 h6 12. Nge4 Nxe4 13. Nxe4 f5 14. Nd2 Qf6 15.
Bb2 h5 16. e4 h4 17. a3 Qh6 18. Bc1 Qh7 19. Nf3 h3 20. Bh1 Ne5 21. Ng5 Qh8 22.
Re1 Bd7 23. exf5 exf5 24. Bd5+ Kf8 25. f4 Ng4 26. Nf7 Qh7 27. Nxd6 Rxe1+ 28.
Qxe1 Qg6 29. Nf7 Re8 30. Ne5 Rxe5 31. fxe5 f4 32. Be4 1-0

[Event "DVM U12 2010"]
[Site "Templin OT Groß Dölln GER"]
[Date "2010.12.28"]
[Round "3"]
[White "Tünte, Marcel"]
[Black "Brungs, Sven"]
[Result "1-0"]
[Termination "normal"]
[Board "7.2"]
[WhiteElo "1300"]
[BlackElo "1191"]
[WhiteTeam "SG Turm Raesfeld/Erle"]
[BlackTeam "SG Porz"]
[WhiteFideId "12964875"]
[BlackFideId "12946257"]
[EventCountry "GER"]
[EventRounds "7"]
[EventType "team-swiss"]
[EventDate "2010.12.26"]

1. e4 e5 2. Nf3 Nf6 3. Nc3 Nc6 4. Bc4 Bc5 5. d3 d6 6. Be3 Bb6 7. h3 O-O 8. O-O
Be6 9. Bb3 Ne7 10. Bg5 Nd7 11. Re1 h6 12. Bh4 g5 13. Bg3 Nf6 14. d4 exd4 15.
Nxd4 Bxb3 16. axb3 Ng6 17. Nf5 Kh7 18. h4 Ne7 19. Nxe7 Qxe7 20. hxg5 hxg5 21.
e5 dxe5 22. Rxe5 Qd7 23. Qf3 Kg6 24. Rd1 Qg4 25. Qd3+ Kg7 26. Ne4 Nxe4 27. Rxe4
Qf5 28. Qc3+ Kg8 29. Re5 Qg4 30. Rd3 Rfe8 31. Rf3 Rad8 32. Rxe8+ Rxe8 33. Bxc7
Bxc7 34. Qxc7 Re1+ 35. Kh2 Qh4+ 36. Rh3 Qf4+ 37. Qxf4 gxf4 38. Rc3 Re2 39. f3
b6 40. Rc7 a6 41. Rc6 b5 42. Rxa6 Rxc2 43. Rb6 Rc5 44. Kh3 Rg5 45. Kh4 Rxg2 46.
Rxb5 Rg3 47. Rg5+ Rxg5 48. Kxg5 Kf8 49. Kxf4 Ke7 1-0

[Event "DVM U12 2010"]
[Site "Templin OT Groß Dölln GER"]
[Date "2010.12.28"]
[Round "3"]
[White "Ramien, David"]
[Black "Tünte, Hendrik"]
[Result "1/2-1/2"]
[Termination "normal"]
[Board "7.3"]
[WhiteElo "1237"]
[BlackElo "1267"]
[WhiteTeam "SG Porz"]
[BlackTeam "SG Turm Raesfeld/Erle"]
[WhiteFideId "12948241"]
[BlackFideId "12964883"]
[EventCountry "GER"]
[EventRounds "7"]
[EventType "team-swiss"]
[EventDate "2010.12.26"]

1. e4 e5 2. Nf3 Nc6 3. Nc3 Nf6 4. Bc4 Bc5 5. d3 d6 6. Bg5 Be6 7. Bb3 Nd4 8.
Nxd4 Bxd4 9. Qd2 c6 10. O-O-O Bxb3 11. cxb3 Qa5 12. Na4 Qxd2+ 13. Rxd2 Nd7 14.
Nc3 f6 15. Be3 Bxe3 16. fxe3 O-O 17. d4 Rfd8 18. Rhd1 exd4 19. Rxd4 Nc5 20.
Rxd6 Re8 21. R6d4 a5 22. b4 axb4 23. Rxb4 Rad8 24. Rxd8 Rxd8 25. Rd4 Ne6 26.
Rxd8+ Nxd8 27. Kd2 Kf7 28. Kd3 Ne6 29. Ne2 b6 30. Nd4 c5 31. Nxe6 Kxe6 32. Kc4
Kd6 33. Kb5 Kc7 34. b3 h5 35. a4 Kb7 36. g3 g5 37. Kc4 Kc6 38. b4 cxb4 39. Kxb4
g4 40. Kc4 Kd6 41. Kb5 Kc7 42. Kc4 Kc6 43. Kb4 Kd6 44. Kc4 Kc6 45. Kb4 Kd6 46.
Kb5 Kc7 47. Kb4 Kd6 48. Kb5 Kc7 49. Ka6 Kc6 50. Ka7 Kc7 51. Ka8 Kc8 52. Ka7 Kc7
53. Ka6 Kc6 54. Ka7 Kc7 55. Ka6 Kc6 56. Ka7 Kc7 1/2-1/2

[Event "DVM U12 2010"]
[Site "Templin OT Groß Dölln GER"]
[Date "2010.12.28"]
[Round "3"]
[White "Hoffmann, Fabian"]
[Black "Terwel, Diederick"]
[Result "1-0"]
[Termination "normal"]
[Board "7.4"]
[WhiteElo "1262"]
[BlackElo "1028"]
[WhiteTeam "SG Turm Raesfeld/Erle"]
[BlackTeam "SG Porz"]
[WhiteFideId "12964891"]
[EventCountry "GER"]
[EventRounds "7"]
[EventType "team-swiss"]
[EventDate "2010.12.26"]

1. e4 d5 2. exd5 Qxd5 3. Nc3 Qa5 4. d4 Nf6 5. Bd2 c6 6. Bc4 Bf5 7. Nd5 Qd8 8.
Nxf6+ exf6 9. Nf3 Bd6 10. O-O O-O 11. Re1 Bg4 12. h3 Bxf3 13. Qxf3 Bc7 14. d5
Be5 15. Bb4 Re8 16. Qe4 Nd7 17. Qf3 Bxb2 18. Rxe8+ Qxe8 19. Re1 Ne5 20. Qe2 Bd4
21. Kf1 Qd7 22. dxc6 Qxc6 23. Bb5 Qc8 24. Qe4 Bc5 25. Bxc5 Qxc5 26. Qxb7 Rf8
27. Bd3 Nxd3 28. cxd3 Qc2 29. Qb1 Qc8 30. Rc1 Qd8 31. Rc3 Qd6 32. g3 Qd5 33.
Kg1 Re8 34. a4 h6 35. Rc7 Qa5 36. Qb7 Qxa4 37. Rxf7 Kh8 38. Rxg7 Qd1+ 39. Kg2
Qxd3 40. Rg4 a5 41. Qg7# 1-0

[Event "DVM U12 2010"]
[Site "Templin OT Groß Dölln GER"]
[Date "2010.12.28"]
[Round "3"]
[White "Richter, Leonard"]
[Black "Engert, Marvin"]
[Result "0-1"]
[Termination "normal"]
[Board "8.1"]
[WhiteElo "1826"]
[BlackElo "1631"]
[WhiteTeam "BSG Chemie Leipzig"]
[BlackTeam "SG Turm Leipzig"]
[WhiteFideId "12900290"]
[BlackFideId "12901164"]
[EventCountry "GER"]
[EventRounds "7"]
[EventType "team-swiss"]
[EventDate "2010.12.26"]

1. e4 c5 2. d4 cxd4 3. c3 dxc3 4. Nxc3 Nc6 5. Nf3 e6 6. Bf4 Nf6 7. Bc4 Bb4 8.
Qe2 O-O 9. O-O Bxc3 10. bxc3 Na5 11. Bd3 d5 12. e5 Nd7 13. Bxh7+ Kxh7 14. Ng5+
Kg6 15. Qd3+ f5 16. Nxe6 Qh4 17. Bg5 Qc4 18. Nf4+ Kh7 19. Qh3+ Kg8 20. Ng6 Qg4
21. Ne7+ Kf7 22. e6+ Kxe6 23. Rfe1+ Kd6 24. Qe3 f4 25. Nxc8+ Raxc8 26. Qe7+ Kc7
27. f3 Qf5 28. Qb4 Nc6 29. Bxf4+ Qxf4 30. Qb5 Qc4 31. Qb2 Rce8 32. Reb1 Qa6 33.
Qf2 Qe2 34. Qg3+ Qe5 35. Qg6 Rh8 36. h3 Re6 37. Qc2 Qg3 38. Kf1 Qg6 39. Qb3 Nc5
40. Qxd5 Qd3+ 0-1

[Event "DVM U12 2010"]
[Site "Templin OT Groß Dölln GER"]
[Date "2010.12.28"]
[Round "3"]
[White "Hummel, Felician"]
[Black "Angrick, Philipp"]
[Result "0-1"]
[Termination "normal"]
[Board "8.2"]
[WhiteElo "1509"]
[BlackElo "1837"]
[WhiteTeam "SG Turm Leipzig"]
[BlackTeam "BSG Chemie Leipzig"]
[WhiteFideId "16200489"]
[BlackFideId "12912298"]
[EventCountry "GER"]
[EventRounds "7"]
[EventType "team-swiss"]
[EventDate "2010.12.26"]

1. d4 d5 2. Nf3 Nc6 3. e3 Bf5 4. Bd3 Nh6 5. Qe2 e6 6. Nbd2 Bd6 7. O-O O-O 8. c3
Bxd3 9. Qxd3 f5 10. Nb3 Qe8 11. Bd2 Qh5 12. h3 Rf6 13. Nc1 Rg6 14. Ne2 Qxf3 15.
Ng3 Rxg3 16. fxg3 Qxg3 17. Rf3 Qg6 18. Qb5 Qe8 19. Rb1 a6 20. Qxb7 Na5 21. Qxa8
Qxa8 22. b3 Nf7 23. Rbf1 Ng5 24. R3f2 Ne4 25. Re2 Ng3 26. Ref2 Nxf1 27. Rxf1
Nb7 28. c4 Nd8 29. c5 Bg3 30. Rf3 Bh4 31. Bb4 c6 32. g3 Be7 33. a4 Qb8 34. Be1
Qxb3 35. a5 Nf7 36. Kg2 Ng5 37. Rf2 Qxe3 38. Bd2 Qe4+ 39. Kh2 Nf3+ 40. Rxf3
Qxf3 41. Bf4 Qf2+ 42. Kh1 Qxd4 43. Kh2 Bxc5 44. h4 Qg1+ 45. Kh3 Qh1# 0-1

[Event "DVM U12 2010"]
[Site "Templin OT Groß Dölln GER"]
[Date "2010.12.28"]
[Round "3"]
[White "Schaefer, Matthes"]
[Black "Storch, Domenic"]
[Result "0-1"]
[Termination "normal"]
[Board "8.3"]
[WhiteElo "1387"]
[BlackElo "1447"]
[WhiteTeam "BSG Chemie Leipzig"]
[BlackTeam "SG Turm Leipzig"]
[WhiteFideId "12946117"]
[BlackFideId "16200470"]
[EventCountry "GER"]
[EventRounds "7"]
[EventType "team-swiss"]
[EventDate "2010.12.26"]

1. e4 c5 2. d4 cxd4 3. c3 dxc3 4. Nxc3 Nc6 5. Nf3 d6 6. Bc4 h6 7. Be3 g6 8. O-O
Bg7 9. h3 Nf6 10. Bf4 O-O 11. e5 dxe5 12. Nxe5 Nxe5 13. Bxe5 Nh5 14. Bh2 e6 15.
Bb5 a6 16. Be2 Nf6 17. Qb3 Qd4 18. Rad1 Qa7 19. Na4 b5 20. Nc3 Bb7 21. a4 bxa4
22. Nxa4 Bd5 23. Bc4 Bxc4 24. Qxc4 Rac8 25. Qb3 Nd5 26. Rc1 {=} Bd4 27. Nc3
Nxc3 28. bxc3 Bf6 29. c4 Kg7 30. Bd6 Rfd8 31. c5 Rc6 32. Rfd1 a5 33. Qa4 Qa6
34. Rb1 Kh7 35. Rbc1 Rd7 36. Rb1 Be7 37. Rb6 Rxb6 38. Qxd7 Rb7 39. Bc7 Qa7 40.
Qxe7 Rxc7 41. Qf8 Qxc5 42. Qe8 Qc2 43. Rd8 Qc1+ 44. Kh2 Qf4+ 0-1

[Event "DVM U12 2010"]
[Site "Templin OT Groß Dölln GER"]
[Date "2010.12.28"]
[Round "3"]
[White "Erxleben, Carl-Anton"]
[Black "Caprita, Victor"]
[Result "0-1"]
[Termination "normal"]
[Board "8.4"]
[WhiteElo "1056"]
[BlackElo "1175"]
[WhiteTeam "SG Turm Leipzig"]
[BlackTeam "BSG Chemie Leipzig"]
[BlackFideId "12946125"]
[EventCountry "GER"]
[EventRounds "7"]
[EventType "team-swiss"]
[EventDate "2010.12.26"]

1. e4 e5 2. Nf3 Nc6 3. Bc4 Bc5 4. O-O Nf6 5. d3 d6 6. c3 Bg4 7. b4 Bb6 8. Be3
Qd7 9. Nbd2 O-O 10. Qb3 a5 11. b5 Ne7 12. a4 Rae8 13. Rac1 Ng6 14. Rfe1 Bc5 15.
Bxc5 dxc5 16. Qb1 Nf4 17. Kh1 Bxf3 18. Nxf3 Qg4 19. Rg1 Ne2 20. h3 Qd7 21. Ng5
Nxg1 22. Kxg1 h6 23. Nf3 c6 24. Rd1 Qd6 25. bxc6 bxc6 26. Rd2 Rb8 27. Qd1 Rb7
28. Ba2 Rfb8 29. Qc1 Nh5 30. g3 Qf6 31. Kg2 Re8 32. Re2 Qg6 33. g4 Nf4+ 34. Kf1
Nxe2 35. Kxe2 Reb8 36. Ke3 h5 37. gxh5 Qxh5 38. Ng5 Qxg5+ 39. f4 Qxf4+ 40. Ke2
Rb2+ 41. Qxb2 Rxb2+ 0-1

[Event "DVM U12 2010"]
[Site "Templin OT Groß Dölln GER"]
[Date "2010.12.28"]
[Round "3"]
[White "Wastian, Jan"]
[Black "Schmid, Floyd"]
[Result "0-1"]
[Termination "normal"]
[Board "9.2"]
[WhiteElo "1409"]
[BlackElo "1527"]
[WhiteTeam "SF Brackel"]
[BlackTeam "SV Empor Berlin"]
[WhiteFideId "12911640"]
[BlackFideId "24686069"]
[EventCountry "GER"]
[EventRounds "7"]
[EventType "team-swiss"]
[EventDate "2010.12.26"]

1. e4 c5 2. c3 Nf6 3. e5 Nd5 4. d4 cxd4 5. Nf3 e6 6. cxd4 b6 7. Bd3 Qc7 8. O-O
Bb7 9. Bd2 d6 10. Nc3 Nxc3 11. Bxc3 Nd7 12. Rc1 Rc8 13. Bb5 a6 14. Bxd7+ Qxd7
15. Qd2 Be7 16. Rc2 O-O 17. Rfc1 Rfd8 18. h3 a5 19. Qe3 dxe5 20. Nxe5 Qd5 21.
Qf3 Qxf3 22. Nxf3 Be4 23. Re2 Bd5 24. b3 Rc7 25. Bb2 Rxc1+ 26. Bxc1 Bxf3 27.
gxf3 Rxd4 28. Be3 Rd6 29. Rc2 f6 30. Rc7 Kf8 31. Rb7 Bd8 32. Rb8 Ke7 33. Bf4 e5
34. Be3 Ke6 35. Kf1 f5 36. Rc8 f4 0-1

[Event "DVM U12 2010"]
[Site "Templin OT Groß Dölln GER"]
[Date "2010.12.28"]
[Round "3"]
[White "Hertzfeldt, Leon"]
[Black "Hlopotov, Nikita"]
[Result "0-1"]
[Termination "normal"]
[Board "9.3"]
[WhiteElo "1349"]
[BlackElo "1318"]
[WhiteTeam "SV Empor Berlin"]
[BlackTeam "SF Brackel"]
[BlackFideId "12964794"]
[EventCountry "GER"]
[EventRounds "7"]
[EventType "team-swiss"]
[EventDate "2010.12.26"]

1. e4 e5 2. Bc4 Nf6 3. d3 Nc6 4. Nf3 d5 5. exd5 Nxd5 6. c3 Bg4 7. h3 Bh5 8. Qe2
Be7 9. g4 Bg6 10. Nxe5 Nxe5 11. Qxe5 Nf6 12. Qe2 Qd7 13. Rg1 O-O-O 14. Rg3 Rhe8
15. d4 Nd5 16. Bxd5 Qxd5 17. Re3 Bg5 18. Kd1 Bxe3 19. Bxe3 Qh1+ 20. Kd2 Qxh3
21. Na3 f5 22. gxf5 Bxf5 23. Nb5 Kb8 24. a4 a6 25. Na3 Qg4 26. Qxg4 Bxg4 27. b4
h5 28. Re1 h4 29. Bg5 Rxe1 30. Bxd8 Re2+ 31. Kd3 h3 32. b5 h2 33. b6 cxb6 34.
Bh4 h1=Q 35. Bg3+ Kc8 36. Nc4 Qd1+ 37. Nd2 Qxd2+ 38. Kc4 Be6+ 39. d5 Bxd5+ 40.
Kb4 Qb2# 0-1

[Event "DVM U12 2010"]
[Site "Templin OT Groß Dölln GER"]
[Date "2010.12.28"]
[Round "3"]
[White "Seibert, David"]
[Black "Topaj, Dan"]
[Result "1-0"]
[Termination "normal"]
[Board "9.4"]
[WhiteElo "1106"]
[BlackElo "1186"]
[WhiteTeam "SF Brackel"]
[BlackTeam "SV Empor Berlin"]
[WhiteFideId "12945641"]
[BlackFideId "24693979"]
[EventCountry "GER"]
[EventRounds "7"]
[EventType "team-swiss"]
[EventDate "2010.12.26"]

1. e4 e5 2. Nf3 Nc6 3. Bb5 Bc5 4. O-O Nf6 5. Re1 d6 6. c3 Bg4 7. h3 Bh5 8. d4
exd4 9. cxd4 a6 10. Bxc6+ bxc6 11. dxc5 O-O 12. cxd6 cxd6 13. Nc3 Qe7 14. Bg5
Qe6 15. Bxf6 Qxf6 16. Qd3 Bg6 17. Qd4 Qe7 18. e5 d5 19. Rac1 Rab8 20. Na4 Qc7
21. Qc5 Rfc8 22. Qd6 Qa5 23. b3 Qb5 24. Nd4 Qb7 25. Nxc6 Rxc6 26. Qxc6 Qxc6 27.
Rxc6 h6 28. e6 fxe6 29. Rxa6 Bf7 30. Nc5 Re8 31. Nxe6 d4 32. Rd6 d3 33. Rd8 d2
34. Rxe8+ Bxe8 35. Rd1 Bf7 36. Nf4 g5 37. Nd3 Bg6 38. Nc5 Kf7 39. Rxd2 Kf6 40.
g4 Ke5 41. b4 h5 42. b5 hxg4 43. hxg4 Kf4 44. b6 Kxg4 45. b7 Kh3 46. b8=Q 1-0